01178nam a22002175i 4500001000700000003000900007005001700016008004100033080001200074100003400086245028800120260018200408300003800590500002700628504003000655650004900685710003600734852004200770999001900812952012900831178743ES-MaACL20230906220611.0110613s1975 sp a |||| | spa d a617.5861 aFisas Graupera, Juan.914719710aVariaciones de forma y posición de los huesos del tarso posterior durante el desarrollo embrionario b: su interés en el estudio de la patogenia del pie equinovaro congénito / cresumen de la tesis presentada para aspirar al grado de doctor en medicina por Juan Fisas Graupera. aBarcelona : bUniversidad de Barcelona, Secretariado de Publicaciones, Intercambio Científico y Extensión Universitaria : bEdiciones de la Universidad de Barcelona, c1975. a14 p. : bil. bl. y n. ; c24 cm. aCub. tomada como port. aBibliografía: p. 11-14. 4aPies-xAnomalías y malformaciones.91471982 aUniversidad de Barcelona.97141 aES-MaACLjE-15361 (146) xOlim P-1374 c178743d178743 00104070aATENEOMbATENEOMcDEPO2d2011-06-13eDONl0oE-15361 (146)p1187755r2023-02-23 00:00:00w2023-02-23yMONOGRAFIA